|
|
|
|
| LEADER |
00000nas a22000007a 4500 |
| 001 |
ssj0006661 |
| 003 |
WaSeSS |
| 005 |
20200512172242.0 |
| 006 |
m d |
| 007 |
cr n |
| 008 |
020128c19999999txubr pss 0 a0eng c |
| 010 |
|
|
|a 2002211011
|
| 015 |
|
|
|a GBB404828
|2 bnb
|
| 016 |
7 |
|
|a 2070483-5
|2 DE-600
|
| 016 |
7 |
|
|a 016582992
|2 Uk
|
| 022 |
|
|
|a 1538-4772
|l 1098-3007
|y 1098-3007
|
| 035 |
|
|
|a (WaSeSS)ssj0006661
|
| 037 |
|
|
|b PRO-ED Inc., 8700 Shoal Creek Blvd., Austin, TX 78757
|c $54.00 (individual, North America)
|c $138.00 (institution, North America)
|c $88.00 (individual, foreign)
|c $154.00 (institution, foreign)
|
| 040 |
|
|
|a NSD
|b eng
|c NSD
|d OCLCQ
|d NSD
|d OCLCQ
|d UQ1
|d AU@
|d CFI
|d OCLCQ
|d VRC
|d OCLCQ
|d OCLCO
|d OCLCF
|d OCLCQ
|d DLC
|d DEFHM
|d OCLCO
|d OCLCQ
|d OCLCA
|d WT2
|d NLE
|d OCLCQ
|d TOF
|d UKMGB
|d AUD
|d VT2
|d NJT
|d OCLCQ
|d WaSeSS
|
| 042 |
|
|
|a pcc
|a nsdp
|
| 050 |
0 |
4 |
|a RJ505.B4
|b J68
|
| 060 |
0 |
0 |
|a W1
|b JO837WF
|
| 082 |
1 |
0 |
|a 371
|2 13
|
| 130 |
0 |
|
|a Journal of positive behavior interventions (Online)
|
| 210 |
0 |
|
|a J. posit. behav. interv.
|b (Online)
|
| 222 |
|
4 |
|a The journal of positive behavior interventions
|b (Online)
|
| 245 |
1 |
4 |
|a The journal of positive behavior interventions
|h [electronic resource].
|
| 260 |
|
|
|a Austin, Tex. :
|b PRO-ED
|
| 310 |
|
|
|a Bimonthly
|
| 362 |
1 |
|
|a Print began with vol. 1, no. 1 (winter 1999).
|
| 506 |
|
|
|a License restrictions may limit access.
|
| 538 |
|
|
|a Mode of access: World Wide Web.
|
| 588 |
0 |
|
|a Vol. 4, no. 1 (winter 2002); title from title screen (viewed July 1, 2003).
|
| 588 |
1 |
|
|a Vol. 5, no. 1 (winter 2003) (viewed July 1, 2003).
|
| 650 |
|
0 |
|a Behavior therapy for children
|v Periodicals.
|
| 650 |
|
0 |
|a Behavior therapy for teenagers
|v Periodicals.
|
| 650 |
|
7 |
|a Behavior therapy for children.
|2 fast
|0 (OCoLC)fst00829935
|
| 650 |
|
7 |
|a Behavior therapy for teenagers.
|2 fast
|0 (OCoLC)fst00829936
|
| 650 |
|
7 |
|a Verhaltenstherapie
|2 gnd
|
| 650 |
|
7 |
|a Zeitschrift
|2 gnd
|
| 650 |
|
7 |
|a Adaptation psychologique.
|2 rasuqam
|
| 650 |
|
7 |
|a Adolescent.
|2 rasuqam
|
| 650 |
|
7 |
|a Intervention psychologique.
|2 rasuqam
|
| 650 |
|
7 |
|a Psychologie positive.
|2 rasuqam
|
| 650 |
|
7 |
|a Thérapie comportementale.
|2 rasuqam
|
| 655 |
|
0 |
|a Electronic journals.
|
| 776 |
1 |
|
|t Journal of positive behavior interventions
|x 1098-3007
|w (DLC) 99113390
|w (OCoLC)38562547
|
| 856 |
4 |
0 |
|z Full text available from Research Library: 01/01/1999 to 04/30/2010
|u https://search.proquest.com/publication/46877
|